06458nam a22004217a 450000500170000000800420001705000200005911000940007924501230017325000110029626000590030730000240036650527110039065000330310165000480313465000480318294200130323099900190324395201410326295201430340395201430354695201430368995201430383295201430397595201460411895201470426495201480441195201480455995201480470795201480485595201430500395201480514695201430529495201480543795201490558595201490573495201530588320250516114453.0230301b         mx ||||| |||| 00| 0 spa d04aTA151bC66 19801 aComisión Federal de Electricidad (México).bInstituto de Investigaciones Eléctricas10aManual de diseño de obras civiles c / Comision Federal de Electricidad. Instituto de Investigaciones Eléctricas.   a1a ed.  aMéxico :bComisión Federal de Electricidad,c1980.  av. :bil. ;c28 cm.0 tA Hidrotecnia--
tA.1 Hidrología --tV. 1 A.1.1 Consideraciones generales--tV. 2 A.1.2 Precipitación --tV. 3 A.1.3 Escurrimiento --tV. 4 A.1.4 Perdidas --tV. 5 A.1.5 Relación entre precipitación y escurrimiento --tV. 6 A.1.6 Análisis estadístico -- tV. 7 A.1.7 Tormenta de diseño --tV. 8 A.1.8 Transito de avenidas en vasos --tV. 9 A.1.9 Simulación del funcionamiento de un vaso --tV. 10 A.1.10 Avenida de diseño --tV. 11 A.1.11 Predicción de avenidas --tV. 12 A.1.12 Geohidrología --tA.2 Hidráulica --tV.13 A.2.1 Consideraciones generales --tV. 14 A.2.2 Obra de toma para plantas hidroeléctricas --tV. 15 A.2.3 Conducciones a presión --tV. 16 A.2.4 Máquinas hidráulicas -- tV. 17 A.2.5 Cámaras de oscilación ---tV. 18 A.2.6 Golpe de ariete --tV. 19 A.2.7 Análisis dinámico y de estabilidad de un sistema hidroeléctrico --tV. 20 A.2.8 Planeamiento de sistemas de aprovechamiento hidroeléctrico --tV. 21 A.2.9 Escurrimiento a superficie libre --tV. 22 A.2.10 Obras de excedencias --tV. 23 A.2.11 Hidraulica fluvial --tV. 24 A.2.12 Obras de desvio --tV. 25 A.2.13 Hidráulica marítima --tV. 26 A.2.14 Obras de toma y sistemas de enfriamiento para plantas termoeléctricas
  --tV.27 A.2.15 Técnicas experimentales --tV. 28 A.2.16 Métodos numéricos -- tB Geotecnia --tB.1 Geología --tV. 29 B.1.1 Datos geológicos requeridos --tV. 30 B.1.2 Clasificación de suelos y rocas --tV. 31 B.1.3 Información geológica existente --tV. 32 B.1.4 Obtención de datos geológicos --tV. 33 B.1.5 Presentación de datos geológicos --tB.2 Mecanica de suelos --tV. 34 B.2.1 Exploración y muestreo de suelos --tV. 35 B.2.2 Propiedades físicas y mecánicas de los suelos --tV. 36 B.2.3 Estructuras de tierra --tV. 37 B.2.4 Cimentaciones en suelos --tV. 38 B.2.5 Instrumentación --tB.3 Mecánica de rocas --tV. 39 B.3.1 Estabilidad de taludes --tV. 40 B.3.2 Obras subterráneas --tV. 41 B.3.3 Cimentaciones --tV. 42 B.3.4 Pruebas de campo y laboratorio --tV. 43 B.3.5 Tratamiento de macizos rocosos --tV. 44 B.3.6 Instrumentación --tV .45 B.3.7 Procedimiento de excavación --tC Estructuras --tC.1 Criterios de diseño --tV. 46 C.1.1 Métodos de diseño --tV. 47 C.1.2 Acciones --tV. 48 C.1.3 Diseño por sismo --tV. 49 C.1.4 Diseño por viento --tC.2 Métodos de análisis y diseño --tV. 50 C.2.1 Análisis de estructuras. --tV. 51 C.2.2 Diseño estructural de cimentaciones --tV. 52 C.2.3 Estructuras para transmisión de energía eléctrica. --tV. 53 C.2.4 Torres de enfriamiento. --tV. 54 C.2.5 Tanques y depósitos. --tV. 55 C.2.6 Tuberías. --tV. 56 C.2.7 Chimeneas. 72lembaIngenieríavManuales 72lembaIngenieríaxObras civilesvManuales 72lembaElectricidadxObras civilesvManuales  2lcccLIB  c105950d105950  102lcc4070aLIC-018bLIC-018cCONSULTAd2015-10-28f1a ed.hV:53kIToTA151  C66 1981pBFA000000985r2015-10-28 00:00:00t1v1.00yLIB  102lcc4070aLIC-018bLIC-018cCONSULTAd2023-03-01f1a ed.hV:52kITl0oTA151 C66 1983pBFA000005621r2023-03-01 00:00:00t1v1.00yLIB  102lcc4070aLIC-018bLIC-018cCONSULTAd2023-03-01f1a ed.hV:54kITl0oTA151 C66 1980pBFA000005619r2023-03-01 00:00:00t1v1.00yLIB  102lcc4070aLIC-018bLIC-018cCONSULTAd2023-03-01f1a ed.hV:55kITl0oTA151 C66 1981pBFA000005618r2023-03-01 00:00:00t1v1.00yLIB  102lcc4070aLIC-018bLIC-018cCONSULTAd2023-03-01f1a ed.hV:56kITl0oTA151 C66 1981pBFA000005620r2023-03-01 00:00:00t1v1.00yLIB  102lcc4070aLIC-016bLIC-016cCONSULTAd2024-02-01f1a ed.hV:50kITl0oTA151 C66 1982pBIC000000890r2024-02-01 00:00:00t1v1.00yLIB  102lcc4070aLIC-016bLIC-016cCONSULTAd2025-05-07f1a ed.hV:1-V:6kITl0oTA151 C66 1980pBIC000002368r2025-05-07 13:53:45t1v1.00yLIB  102lcc4070aLIC-016bLIC-016cCONSULTAd2025-05-07f1a ed.hV:7-V:12kITl0oTA151 C66 1981pBIC000002369r2025-05-07 14:07:26t1v1.00yLIB  102lcc4070aLIC-016bLIC-016cCONSULTAd2025-05-07f1a ed.hV:13-V:15kITl0oTA151 C66 1983pBIC000002370r2025-05-07 14:09:57t1v1.00yLIB  102lcc4070aLIC-016bLIC-016cCONSULTAd2025-05-07f1a ed.hV:16-V:17kITl0oTA151 C66 1982pBIC000002371r2025-05-07 14:14:10t1v1.00yLIB  102lcc4070aLIC-016bLIC-016cCONSULTAd2025-05-07f1a ed.hV:18-V:20kITl0oTA151 C66 1982pBIC000002372r2025-05-07 14:17:14t1v1.00yLIB  102lcc4070aLIC-016bLIC-016cCONSULTAd2025-05-07f1a ed.hV:23-V:24kITl0oTA151 C66 1981pBIC000002373r2025-05-07 14:20:14t1v1.00yLIB  102lcc4070aLIC-016bLIC-016cCONSULTAd2025-05-07f1a ed.hV:25kITl0oTA151 C66 1983pBIC000002374r2025-05-07 14:24:37t1v1.00yLIB  102lcc4070aLIC-016bLIC-016cCONSULTAd2025-05-07f1a ed.hV:26-V:27kITl0oTA151 C66 1983pBIC000002375r2025-05-07 14:29:20t1v1.00yLIB  102lcc4070aLIC-016bLIC-016cCONSULTAd2025-05-07f1a ed.hV:28kITl0oTA151 C66 1983pBIC000002376r2025-05-07 14:31:39t1v1.00yLIB  102lcc4070aLIC-016bLIC-016cCONSULTAd2025-05-07f1a ed.hV:36-V:38kITl0oTA151 C66 1983pBIC000002377r2025-05-07 14:34:32t1v1.00yLIB  102lcc4070aLIC-016bLIC-016cCONSULTAd2025-05-12f1a ed.hV:21-V:22kITl0oTA151 C66 r1981pBIC000002361r2025-05-12 10:15:21t1v1.00yLIB  102lcc4070aLIC-016bLIC-016cCONSULTAd2025-05-12f1a ed.hV:34-V:35kITl0oTA151 C66 r1980pBIC000002362r2025-05-12 10:48:44t1v1.00yLIB  102lcc4070aLIC-018bLIC-018cCONSULTAd2026-01-15f1a ed.hV:43kITl0oTA151 C66 1980pBFA000006475r2026-01-15 12:49:17t1v1.00yLIBzPOSGRADO